| 000 | 00585nam a22001937a 4500 | ||
|---|---|---|---|
| 003 | Nust | ||
| 005 | 20241029124826.0 | ||
| 008 | 170216b xxu||||| |||| 00| 0 eng d | ||
| 040 | _cNust-MCE | ||
| 082 | _a200 | ||
| 100 |
_aYasin Imran _9126582 |
||
| 110 |
_aImran Yasin _950752 |
||
| 245 |
_aImplementation of building information modeling (BIM) in the construction industry of Pakistan/ _cImran Yasin |
||
| 260 |
_aMCE; _bMCE, _c2014. |
||
| 300 |
_a58p. _bill. _c28cm. |
||
| 500 | _aThesis | ||
| 856 | _u http://10.250.8.41:8080/xmlui/handle/123456789/11809 | ||
| 942 |
_cSC _2ddc |
||
| 999 |
_c232183 _d232183 |
||